Loading...
| Philosophy | 0 | 5 | 1 | 0 | 45 | 112 | 129.00 | 0 | 0 | 0.00 | 0.00 |
| Literature - American | 0 | 4 | 0 | 0 | 40 | 97 | 113.25 | 0 | 1 | 0.00 | 0.00 |
| History - Other | 0 | 4 | 1 | 0 | 35 | 104 | 113.00 | 0 | 0 | 0.00 | 0.00 |
| Fine Arts - Classical Music | 0 | 3 | 0 | 1 | 30 | 114 | 136.67 | 0 | 0 | 0.00 | 0.00 |
| History - American | 0 | 3 | 0 | 2 | 30 | 92 | 114.67 | 1 | 1 | 0.00 | 0.00 |
| Literature - European | 0 | 3 | 1 | 0 | 25 | 110 | 127.33 | 0 | 0 | 0.00 | 0.00 |
| Religion | 0 | 2 | 0 | 1 | 20 | 123 | 131.50 | 0 | 0 | 0.00 | 0.00 |
| Geography | 0 | 2 | 0 | 1 | 20 | 131 | 140.50 | 0 | 0 | 0.00 | 0.00 |
| Mythology | 0 | 2 | 0 | 1 | 20 | 104 | 123.00 | 0 | 0 | 0.00 | 0.00 |
| History - European | 0 | 1 | 0 | 0 | 10 | 135 | 135.00 | 0 | 0 | 0.00 | 0.00 |
| Literature - World | 0 | 1 | 0 | 0 | 10 | 54 | 54.00 | 0 | 1 | 0.00 | 0.00 |
| Current Events | 0 | 1 | 0 | 0 | 10 | 137 | 137.00 | 0 | 0 | 0.00 | 0.00 |
| Fine Arts - Painting & Sculpture | 0 | 1 | 0 | 0 | 10 | 84 | 84.00 | 0 | 0 | 0.00 | 0.00 |
| Literature - British | 0 | 0 | 0 | 0 | 0 | 0.00 | 0 | 0 | 0.00 | 0.00 |